| 000 | 02374nam a2200637 i 4500 | ||
|---|---|---|---|
| 001 | 3829 | ||
| 003 | KOSZ 005 | ||
| 005 | 20200428082856.0 | ||
| 008 | 200428s1989 pl a f 001 0 pol | ||
| 015 | _aUWD 1989/119 | ||
| 020 | _a8321333391 | ||
| 020 | _a8321333923 | ||
| 035 | _a991002893969705066 | ||
| 035 | _a(PL-WaBN)b10784950-48omnis_nlop | ||
| 035 | _ab10784950 | ||
| 035 | _a(OCoLC)834760973 | ||
| 035 | _a(PL)b0000001078495 | ||
| 035 | _a(EXLNZ-48OMNIS_NETWORK)9910209998505606 | ||
| 040 |
_aWA N _cWA N _dKOSZ 005/RW |
||
| 046 | _k1989 | ||
| 080 | _a69 | ||
| 080 | _a(083.1) | ||
| 245 | 0 | 0 |
_aPoradnik kierownika budowy. _n1 / _cautorzy Tadeusz Bratkowski [et al.] ; Polski Związek Inżynierów i Techników Budownictwa. |
| 250 | _aWydanie 5 zmienione i uzupełnione. | ||
| 260 |
_aWarszawa : _b"Arkady", _c1989. |
||
| 300 |
_a608 stron : _bfotografie, mapy, rysunki, wykresy ; _c21 cm. |
||
| 336 |
_aTekst _btxt _2rdacontent |
||
| 337 |
_aBez urządzenia pośredniczącego _bn _2rdamedia |
||
| 338 |
_aWolumin _bnc _2rdacarrier |
||
| 380 | _aKsiążki | ||
| 380 | _aPublikacje fachowe | ||
| 388 | _a1901-2000 | ||
| 388 | _a1945-1989 | ||
| 500 | _aWydanie poprzednie pt.: Poradnik techniczny kierownika budowy. | ||
| 504 | _aBibliografia przy rozdziałach. Indeksy. | ||
| 521 | 8 | _aPoradnik przeznaczony jest dla kierowników budów i kadry technicznej. | |
| 650 | 7 |
_aBudownictwo _2DBN |
|
| 655 | 7 | _aPoradnik | |
| 655 | 7 | _aPraca zbiorowa | |
| 658 | _aArchitektura i budownictwo | ||
| 700 | 1 |
_aBratkowski, Tadeusz _d(1936- ) _eAutor |
|
| 700 | 1 |
_aCiołek, Ryszard _d(1921-2010) _eAutor |
|
| 700 | 1 |
_aKlimpel, Stanisław _eAutor |
|
| 700 | 1 |
_aLenczewski, Stanisław _eAutor |
|
| 700 | 1 |
_aPyrak, Stefan _eAutor |
|
| 700 | 1 |
_aRachtanowa, Krystyna _eAutor |
|
| 700 | 1 |
_aSzymański, Marian Tadeusz _eAutor |
|
| 700 | 1 |
_aWalczak, Stanisław _eAutor |
|
| 700 | 1 |
_aWidera, Jerzy _d(1918- ) _eAutor |
|
| 700 | 1 |
_aWolski, Zbigniew _eAutor |
|
| 710 | 2 | _aPolski Związek Inżynierów i Techników Budownictwa | |
| 710 | 2 |
_aWydawnictwo Arkady _4pbl |
|
| 856 |
_uhttp://koha.tu.koszalin.pl/cgi-bin/koha/opac-detail.pl?biblionumber=3829 _yKatalog online BPK |
||
| 942 |
_2UKD _cKS |
||
| 999 |
_c3829 _d3829 |
||